Challenges and achievements of American education : the 1993 ASCD yearbook (Record no. 28082)

MARC details
000 -LEADER
fixed length control field 00364nam a2200145Ia 4500
020 ## - INTERNATIONAL STANDARD BOOK NUMBER
ISBN 087120200X
245 #0 - TITLE STATEMENT
Title Challenges and achievements of American education : the 1993 ASCD yearbook
260 ## - PUBLICATION, DISTRIBUTION, ETC. (IMPRINT)
Place of publication Alexandra
260 ## - PUBLICATION, DISTRIBUTION, ETC. (IMPRINT)
Name of publisher ASCD
260 ## - PUBLICATION, DISTRIBUTION, ETC. (IMPRINT)
Year of publication 1993
300 ## - PHYSICAL DESCRIPTION
Number of Pages 216 p
942 ## - ADDED ENTRY ELEMENTS (KOHA)
Koha item type Books
Holdings
Withdrawn status Lost status Source of classification or shelving scheme Damaged status Not for loan Permanent Location Current Location Date acquired Accession Number Price effective from Koha item type
    Library of Congress Classification     NILE UNIVERSITY OF NIGERIA - MAIN LIBRARY NILE UNIVERSITY OF NIGERIA - MAIN LIBRARY 04/23/2025 0003068 04/23/2025 Books